| 000 | 01393nac a22004697a 4500 | ||
|---|---|---|---|
| 001 | BR8202077 | ||
| 003 | BR-BrBNA | ||
| 005 | 20240105115304.0 | ||
| 008 | 230509b bl.|||m| |||| 00| 0 por d | ||
| 040 |
_aBR-BrBNA _bpor _cBiblioteca Nacional de Agricultura |
||
| 072 | _aE70; F00 | ||
| 090 | _a0336 BR8202077 | ||
| 100 | 1 | _aRibeiro, A.B. | |
| 100 | 1 | _aAlves, J.E. | |
| 100 | 1 | _aLima, O.C. de | |
| 110 | 1 |
_aComissao Estadual de Planejamento Agricola, Goiania, GO (Brasil) _92051 |
|
| 245 | 1 | _aRelatorio de acompanhamento conjuntural. Informe sistematico Julho 1982 [Estatistica de producao, Brasil] | |
| 260 | 3 |
_aGoiania, GO (Brasil): _c1982. |
|
| 300 | _a36 p. | ||
| 490 |
_aRelatorio de Acompanhamento Conjuntural. Informe Sistematico - Comissao Estadual de Planejamento Agricola (Brazil) _v _x |
||
| 650 | _aSOJA | ||
| 650 | _aALGODAO | ||
| 650 | _aMILHO | ||
| 650 | _aARROZ | ||
| 650 | _aBATATA | ||
| 650 | _aCEBOLA | ||
| 650 | _aMANDIOCA | ||
| 650 | _aALHO | ||
| 650 | _aFEIJAO | ||
| 650 | _aTOMATE | ||
| 650 | _aPRECO MEDIO | ||
| 650 | _aPRECO PAGO | ||
| 650 | _aMERCADO INTERNACIONAL | ||
| 650 | _aMERCADO NACIONAL | ||
| 650 | _aSAFRA | ||
| 650 | _aESTATISTICA COMERCIAL | ||
| 650 | _aPREVISAO DE SAFRA | ||
| 650 | _aESTATISTICA DE PRODUCAO | ||
| 650 | _aGOIAS | ||
| 909 |
_a202312 _bLúcia Elande _c55 _dLúcia Elande |
||
| 942 |
_2AGRIS _n0 _cMS |
||
| 999 |
_c274090 _d274090 |
||